Arrested Development Animals Quiz Stats

 Plays Quiz Updated Mar 9, 2020

Support Sporcle.
Go Orange.
Score 0/22 Timer 07:00
2 Plays Today
Hint Animal % Correct
This pet of Maggie Lizer's can't be blind--he's got a handle and everything.Justice
91.9%
Tobias always lands on all fours, like this animal. Let's go, little man!cat
91.5%
Gob's wife is selling five of Sea World's sickest these to a third-world zoo.seals
83.8%
Gob leaves a dead this in the fridge--maybe it's not too late to return it for a refund.dove
82.7%
Has anyone in this family even SEEN one of these?chicken
73.5%
Gob releases $13 worth of these into the store where Lindsay secretly works.mice
72.6%
This is the second dead animal Gob tosses into the sea.rabbit
66.2%
When the FBI asked Tobias to be one of these, they didn't expect him to rent a costume.mole
65.2%
Lucille always taught Buster to roll up into a ball to repel attacks by these.bears
63.7%
Maeby cuts off the little foot of Lucille's this.fox
60.6%
Buster's pet this has a name, Mother--and it's 'Mother.'turtle
58.1%
Hint Animal % Correct
Ann Veal (her?) snags third place at the inner beauty pageant by singing 'We Three Kings' to this animal.camel
54.8%
The tail of this animal hangs from one of Rita's many hats.raccoon
54.4%
Buster can't go back to Catalina, where one of these traumatized him in a photo booth.sheep
53.2%
Buster freaks out when this walks on his pillow.bird
51.1%
Barry Zuckerkorn leaps over a dead this on the pier before taking off for Burger King. (FYI, it's a wonderful restaurant.)shark
49.4%
Don't try to take the ring shaped like this off Aunt Lindsay's toe, George Michael--it doesn't come off.snake
46.6%
George terrorizes Newport Beach by imitating this animal all over town. wolf
43.3%
The girls don't appreciate Buster because of his glasses; they make him look like this. Plus, he's self-conscious.lizard
35.4%
SeƱor _____: where Kitty Sanchez absolutely will have a margarita made in her mouth. Spring break!Tadpole's
31.3%
Maeby got this grade in spelling at the alternative school back in Boston.crocodile
22.3%
According to Buster, Army rewards its best sand-racers with a stuffed this.gorilla
21.5%

From the Vault

Longest Country Names

by enough

They just go on and on.
Remove Ads.
Support Sporcle.
Get the best of Sporcle when you Go Orange. This ad-free experience offers more features, more stats, and more fun while also helping to support Sporcle. Thank you for becoming a member.

Show Comments

Extras

Top Quizzes Today


Score Distribution

Your Account Isn't Verified!

In order to create a playlist on Sporcle, you need to verify the email address you used during registration. Go to your Sporcle Settings to finish the process.

Report this User

Report this user for behavior that violates our Community Guidelines.

Details: